[Event "Banff op"]
[Site "Banff CAN"]
[Date "2021.11.14"]
[Round "5.17"]
[White "Koperski, Dustin"]
[Black "Chen, Jeffrey"]
[Result "1-0"]
[WhiteElo "1841"]
[BlackElo "1977"]
[PlyCount "87"]
[EventDate "2021.11.12"]
[EventType "swiss"]
[EventRounds "6"]
[EventCountry "CAN"]

1. e4 g6 2. d4 Bg7 3. Nc3 c5 4. Nf3 cxd4 5. Nxd4 Nc6 6. Be3 Nf6 7. Bc4 O-O 8.
O-O a6 9. Bb3 Qc7 10. h3 b5 11. a3 Na5 12. Rc1 Nc4 13. Bxc4 Qxc4 14. Qd3 Bb7
15. Qxc4 bxc4 16. f3 e5 17. Nde2 d5 18. exd5 Nxd5 19. Nxd5 Bxd5 20. Nc3 Be6 21.
Rfd1 Rfd8 22. Bc5 Rac8 23. Be7 Rd4 24. Ne4 f5 25. Nc5 Kf7 26. Nxe6 Kxe6 27. Bb4
Rcd8 28. Re1 Bh6 29. Rb1 Bd2 30. Bxd2 Rxd2 31. Rbc1 Rb8 32. b4 cxb3 33. cxb3
Rxb3 34. Rc6+ Kd5 35. Rxa6 Rbb2 36. Ra5+ Kd4 37. Raxe5 Rxg2+ 38. Kh1 Rh2+ 39.
Kg1 Rxh3 40. f4 Rxa3 41. Rd1+ Rd3 42. Rde1 Rbd2 43. Re7 Rd1 44. Rd7+ 1-0

[Event "Banff op"]
[Site "Banff CAN"]
[Date "2021.11.14"]
[Round "5.18"]
[White "Wu, Jonathan"]
[Black "Nechio, Douglas"]
[Result "1/2-1/2"]
[WhiteElo "1833"]
[BlackElo "1951"]
[PlyCount "85"]
[EventDate "2021.11.12"]
[EventType "swiss"]
[EventRounds "6"]
[EventCountry "CAN"]

1. e4 c5 2. Nc3 g6 3. d4 cxd4 4. Qxd4 Nf6 5. Be3 Nc6 6. Qd2 Ng4 7. Bf4 Bg7 8.
f3 Nf6 9. Bc4 Qa5 10. Nb5 Qxd2+ 11. Bxd2 O-O 12. Ne2 a6 13. Nbc3 b5 14. Bb3 Ne8
15. O-O-O Nd6 16. Nd5 e6 17. Bf4 exd5 18. Bxd6 Re8 19. Bxd5 Bb7 20. Nf4 Rac8
21. Kb1 Ba8 22. Nd3 Na5 23. Nb4 Bxd5 24. Nxd5 Kh8 25. Bb4 Nc4 26. Bc3 Na3+ 27.
bxa3 Bxc3 28. Nxc3 Rxc3 29. Rxd7 Rec8 30. Rhd1 Kg7 31. R1d2 Rxa3 32. R7d3 Rac3
33. Kb2 b4 34. Re2 a5 35. Rxc3 Rxc3 36. f4 a4 37. e5 a3+ 38. Kc1 Rc4 39. g3 h5
40. Re3 h4 41. Kd2 hxg3 42. hxg3 Kh6 43. Rb3 1/2-1/2

[Event "Banff op"]
[Site "Banff CAN"]
[Date "2021.11.14"]
[Round "5.19"]
[White "Pivovarov, Juraj"]
[Black "Kowalyk, Tim"]
[Result "1-0"]
[WhiteElo "1987"]
[BlackElo "1690"]
[PlyCount "97"]
[EventDate "2021.11.12"]
[EventType "swiss"]
[EventRounds "6"]
[EventCountry "CAN"]

1. e4 c5 2. Nf3 d6 3. d4 cxd4 4. Nxd4 Nf6 5. Nc3 a6 6. Be3 e5 7. Nb3 b5 8. Be2
Bb7 9. f3 Be7 10. Qd2 Qc7 11. g4 Nc6 12. g5 b4 13. Na4 Nd7 14. h4 a5 15. O-O-O
Ba6 16. Rdg1 Bxe2 17. Qxe2 Rc8 18. Qf2 Qb7 19. Nd2 Qb5 20. b3 d5 21. exd5 Qxd5
22. Ne4 Nd4 23. Rd1 Nxb3+ 24. Kb2 Nd4 25. Bxd4 exd4 26. Qxd4 Qxd4+ 27. Rxd4 Ne5
28. f4 Nc6 29. Rc4 Na7 30. Rxc8+ Nxc8 31. f5 Nd6 32. Nxd6+ Bxd6 33. Re1+ Kd8
34. Nb6 Re8 35. Rd1 Kc7 36. Nc4 Bg3 37. h5 Re4 38. Nxa5 Re5 39. Rg1 Bf2 40. Nc4
Rxf5 41. Rg4 h6 42. gxh6 gxh6 43. Kb3 Bc5 44. Rh4 Rf2 45. Ne5 Bd6 46. Nd3 Rf3
47. Kc4 f5 48. Nxb4 Rf4+ 49. Rxf4 1-0

[Event "Banff op"]
[Site "Banff CAN"]
[Date "2021.11.14"]
[Round "5.20"]
[White "Dunne, Eoin"]
[Black "Yao, David"]
[Result "0-1"]
[WhiteElo "1546"]
[BlackElo "1998"]
[PlyCount "62"]
[EventDate "2021.11.12"]
[EventType "swiss"]
[EventRounds "6"]
[EventCountry "CAN"]

1. e4 c6 2. d4 d5 3. exd5 cxd5 4. Bd3 Nf6 5. Nf3 Bg4 6. Nbd2 Nc6 7. c3 e6 8.
Qc2 Bd6 9. O-O Rc8 10. Re1 O-O 11. Qb1 Qc7 12. h3 Bh5 13. Ng5 Bg6 14. Bxg6 hxg6
15. Ndf3 e5 16. dxe5 Nxe5 17. Nxe5 Bxe5 18. Nf3 Ne4 19. Nxe5 Qxe5 20. f3 Qg3
21. Be3 Nf6 22. Bxa7 Nh5 23. Qc2 Nf4 24. Kh1 Rfe8 25. Rxe8+ Rxe8 26. Qf2 Qg5
27. h4 Qe7 28. Rd1 g5 29. Bc5 Qf6 30. hxg5 Qxg5 31. Be3 Rxe3 0-1

[Event "Banff op"]
[Site "Banff CAN"]
[Date "2021.11.14"]
[Round "5.21"]
[White "Ming, Jerry"]
[Black "Daniluk, Jim"]
[Result "1/2-1/2"]
[WhiteElo "1684"]
[BlackElo "1946"]
[PlyCount "116"]
[EventDate "2021.11.12"]
[EventType "swiss"]
[EventRounds "6"]
[EventCountry "CAN"]

1. e4 c5 2. c3 Nf6 3. e5 Nd5 4. d4 cxd4 5. cxd4 d6 6. Nf3 e6 7. Nc3 Nxc3 8.
bxc3 Qc7 9. Bd2 Be7 10. Bd3 Nd7 11. exd6 Bxd6 12. Qc2 Nf6 13. h3 Bd7 14. Ng5
Bc6 15. Ne4 Nxe4 16. Bxe4 f5 17. Bxc6+ Qxc6 18. O-O Rc8 19. Rfe1 O-O 20. Qb3
Rf6 21. c4 Bb8 22. d5 Qc7 23. g3 Re8 24. dxe6 Rfxe6 25. c5 Qf7 26. Rxe6 Rxe6
27. Rb1 b6 28. cxb6 Rxb6 29. Qxf7+ Kxf7 30. Rxb6 axb6 31. a4 Bc7 32. Kf1 Ke6
33. Bc3 g6 34. Ke2 Kd5 35. Kd3 Bd6 36. Bd4 Bc5 37. Bxc5 Kxc5 38. Kc3 g5 39. f4
gxf4 40. gxf4 h6 41. h4 h5 42. Kb3 Kd4 43. Kb4 Ke4 44. Kb5 Kxf4 45. Kxb6 Kg3
46. a5 f4 47. a6 f3 48. a7 f2 49. a8=Q f1=Q 50. Qe4 Qf2+ 51. Kc6 Qf6+ 52. Kd5
Qxh4 53. Qe1+ Kg4 54. Qe4+ Kh3 55. Qh1+ Kg3 56. Qe1+ Kg4 57. Qe4+ Kg5 58. Qe7+
Kg4 1/2-1/2

[Event "Banff op"]
[Site "Banff CAN"]
[Date "2021.11.14"]
[Round "5.22"]
[White "Wu, Charles"]
[Black "D'Souza, Carina"]
[Result "0-1"]
[WhiteElo "1869"]
[BlackElo "1771"]
[PlyCount "108"]
[EventDate "2021.11.12"]
[EventType "swiss"]
[EventRounds "6"]
[EventCountry "CAN"]

1. d4 d5 2. Bf4 Nf6 3. e3 e6 4. Nd2 Bd6 5. Bg3 b6 6. Ngf3 O-O 7. c3 Ba6 8. Bxa6
Nxa6 9. Ne5 Nb8 10. Qe2 c5 11. a4 Qc7 12. a5 Nc6 13. Nxc6 Qxc6 14. a6 Rfe8 15.
Bxd6 Qxd6 16. O-O Rab8 17. Qb5 Qd7 18. Qxd7 Nxd7 19. Nf3 Rec8 20. Rfe1 Nf6 21.
Ne5 Rc7 22. f3 Nd7 23. Nd3 Rbc8 24. Nc1 Nb8 25. Nb3 Kf8 26. Kf2 Rc6 27. Ra2 c4
28. Nd2 b5 29. Ra5 Rb6 30. e4 Rd8 31. exd5 exd5 32. b3 Nc6 33. Ra2 Rd6 34. bxc4
bxc4 35. Nf1 Ne7 36. Rae2 Re6 37. Rxe6 fxe6 38. Ra1 Nc6 39. Ne3 Nb8 40. Ra5
Rxa6 41. Rb5 Rb6 42. Rc5 Nc6 43. Ke2 a5 44. Nxc4 dxc4 45. Rxc4 Ke7 46. Kd3 Kd6
47. Rc5 Rb2 48. Rg5 g6 49. c4 a4 50. Kc3 a3 51. c5+ Kc7 52. d5 exd5 53. Rxd5
Rxg2 54. h4 Rf2 0-1

[Event "Banff op"]
[Site "Banff CAN"]
[Date "2021.11.14"]
[Round "5.24"]
[White "May, Liam"]
[Black "Zacharias, Nicholas"]
[Result "0-1"]
[WhiteElo "1811"]
[BlackElo "1591"]
[PlyCount "76"]
[EventDate "2021.11.12"]
[EventType "swiss"]
[EventRounds "6"]
[EventCountry "CAN"]

1. Nf3 Nf6 2. c4 c5 3. g3 e6 4. Bg2 d5 5. b3 Nc6 6. Bb2 d4 7. O-O e5 8. e3 Bg4
9. Qc1 Bd6 10. exd4 cxd4 11. Re1 O-O 12. Ba3 Re8 13. d3 e4 14. dxe4 Rxe4 15.
Nbd2 Rxe1+ 16. Nxe1 d3 17. Bxd6 Qxd6 18. Qc3 Be2 19. Bf3 Rd8 20. Bxe2 dxe2 21.
Nef3 Nd4 22. Kg2 Nxf3 23. Nxf3 Qd4 24. Qe1 Qd3 25. Ng1 Re8 26. Rc1 Nd7 27. Nf3
Ne5 28. Nxe5 Rxe5 29. c5 h5 30. h4 g5 31. hxg5 Rxg5 32. c6 bxc6 33. Rxc6 Qe4+
34. Kg1 Qxc6 35. Qxe2 h4 36. Qd2 Qf3 37. Kh2 hxg3+ 38. fxg3 Qh5+ 0-1

[Event "Banff op"]
[Site "Banff CAN"]
[Date "2021.11.14"]
[Round "5.25"]
[White "Darvekar, Yash"]
[Black "Carroll, Billy"]
[Result "1-0"]
[WhiteElo "1761"]
[BlackElo "1236"]
[PlyCount "81"]
[EventDate "2021.11.12"]
[EventType "swiss"]
[EventRounds "6"]
[EventCountry "CAN"]

1. e4 e5 2. Nf3 d6 3. Bc4 c6 4. O-O Be7 5. c3 Nf6 6. Re1 O-O 7. d4 Nbd7 8. a4
Qc7 9. dxe5 dxe5 10. Ng5 Nb6 11. Bxf7+ Rxf7 12. Qb3 Bd8 13. a5 Nbd5 14. exd5
cxd5 15. Nxf7 Kxf7 16. Bg5 Be6 17. Qd1 e4 18. h3 Qd6 19. Bh4 Ng4 20. Bg3 Qc5
21. hxg4 Bg5 22. Qd4 Qxd4 23. cxd4 Bxg4 24. Nc3 Bd2 25. Rf1 Ke6 26. Nb5 Rd8 27.
Rfc1 Bxc1 28. Rxc1 a6 29. Nc7+ Kf7 30. Rc5 g5 31. Rxd5 Rxd5 32. Nxd5 Ke6 33.
Ne3 Be2 34. d5+ Kd7 35. d6 Bb5 36. Nd5 Ke6 37. Nc7+ Kd7 38. Nxb5 axb5 39. Kf1
h5 40. Ke2 h4 41. Bh2 1-0

[Event "Banff op"]
[Site "Banff CAN"]
[Date "2021.11.14"]
[Round "5.26"]
[White "Chen, Ricky"]
[Black "Offengenden, Ron"]
[Result "1/2-1/2"]
[WhiteElo "1654"]
[BlackElo "1759"]
[PlyCount "58"]
[EventDate "2021.11.12"]
[EventType "swiss"]
[EventRounds "6"]
[EventCountry "CAN"]

1. Nf3 d5 2. g3 Nf6 3. Bg2 Bf5 4. O-O e6 5. d3 Nc6 6. Nbd2 Bc5 7. h3 Qd6 8. Nb3
Bb6 9. d4 Nd7 10. Bf4 Qe7 11. c3 f6 12. a4 a5 13. Nh4 Bg6 14. Nxg6 hxg6 15. e4
dxe4 16. Bxe4 f5 17. Bg2 g5 18. d5 gxf4 19. dxc6 bxc6 20. Bxc6 Rd8 21. Qf3 Kf7
22. Bxd7 Rxd7 23. Qxf4 Rxh3 24. Kg2 g5 25. Qe5 Rd5 26. Qe2 Rh8 27. Rh1 Rdd8 28.
Qe5 Qd6 29. Rxh8 Qxe5 1/2-1/2

[Event "Banff op"]
[Site "Banff CAN"]
[Date "2021.11.14"]
[Round "5.27"]
[White "Tolentino, Avelino"]
[Black "Tran, Tri"]
[Result "1-0"]
[WhiteElo "1823"]
[BlackElo "1694"]
[PlyCount "87"]
[EventDate "2021.11.12"]
[EventType "swiss"]
[EventRounds "6"]
[EventCountry "CAN"]

1. e4 c5 2. Nc3 d6 3. g3 Nf6 4. Bg2 g6 5. Nge2 Bg7 6. O-O O-O 7. d3 Nc6 8. f4
Bd7 9. h3 Qb6 10. Kh2 e6 11. g4 Nd4 12. Ng3 Bc6 13. Nce2 Nd7 14. c3 Nxe2 15.
Qxe2 f5 16. Be3 Rae8 17. Qd2 Qc7 18. Kh1 Re7 19. Rg1 Kh8 20. gxf5 exf5 21. Qf2
Nb6 22. Rae1 Rff7 23. Bf3 Qc8 24. Qh2 Qd7 25. h4 Kg8 26. h5 Qe6 27. c4 Qf6 28.
Rg2 Na4 29. b3 Nb6 30. Reg1 Re6 31. Qh3 Bd7 32. h6 Bh8 33. Nxf5 Kf8 34. Bf2 Qd8
35. Qh2 Qc7 36. Nh4 Ref6 37. f5 Ke8 38. fxg6 hxg6 39. Rxg6 Rxf3 40. Nxf3 Rxf3
41. Rg8+ Rf8 42. Qh5+ Ke7 43. Bh4+ Bf6 44. R1g7+ 1-0

[Event "Banff op"]
[Site "Banff CAN"]
[Date "2021.11.14"]
[Round "5.28"]
[White "Green, Jason"]
[Black "Lu, Kevin"]
[Result "1-0"]
[WhiteElo "1829"]
[BlackElo "1709"]
[PlyCount "39"]
[EventDate "2021.11.12"]
[EventType "swiss"]
[EventRounds "6"]
[EventCountry "CAN"]

1. e4 e5 2. Nf3 Nf6 3. d4 Nxe4 4. Bd3 d5 5. Nxe5 Bd6 6. O-O O-O 7. c4 c6 8.
cxd5 cxd5 9. Nc3 f5 10. Bf4 Be6 11. Nb5 Bxe5 12. Bxe5 Na6 13. f4 Qa5 14. Rf3
Bd7 15. Qb3 Bc6 16. Bxe4 fxe4 17. Rg3 g6 18. Nd6 Qd2 19. Rxg6+ hxg6 20. Qh3 1-0

[Event "Banff op"]
[Site "Banff CAN"]
[Date "2021.11.14"]
[Round "6.1"]
[White "Plotkin, Mark"]
[Black "Plotkin, Victor"]
[Result "1-0"]
[WhiteElo "2549"]
[BlackElo "2428"]
[PlyCount "65"]
[EventDate "2021.11.12"]
[EventType "swiss"]
[EventRounds "6"]
[EventCountry "CAN"]

1. c4 Nf6 2. Nf3 e6 3. e3 d5 4. b3 Be7 5. Bb2 O-O 6. d4 b6 7. Nbd2 Bb7 8. Bd3
Nbd7 9. O-O Ne4 10. Rc1 c5 11. cxd5 exd5 12. dxc5 Ndxc5 13. Be2 Rc8 14. Nd4
Nxd2 15. Qxd2 Ne4 16. Qd3 Qd7 17. h3 Rxc1 18. Rxc1 Rc8 19. Rd1 Bh4 20. Rf1 Qd8
21. Bf3 Rc5 22. Nf5 Bf6 23. Bxf6 Nxf6 24. Rd1 g6 25. Nd4 Qc8 26. Qd2 Ba6 27.
Qb2 Rc3 28. b4 Ne4 29. b5 Bb7 30. Bxe4 dxe4 31. Nc6 Rxc6 32. bxc6 Bxc6 33. Qf6
1-0

[Event "Banff op"]
[Site "Banff CAN"]
[Date "2021.11.14"]
[Round "6.2"]
[White "Miller, David"]
[Black "Benjamin, Joel"]
[Result "0-1"]
[WhiteElo "2224"]
[BlackElo "2640"]
[PlyCount "116"]
[EventDate "2021.11.12"]
[EventType "swiss"]
[EventRounds "6"]
[EventCountry "CAN"]

1. e4 Nc6 2. Nf3 e5 3. Bb5 a6 4. Ba4 d6 5. c3 Nf6 6. d4 Bd7 7. O-O g6 8. Re1
Bg7 9. dxe5 Nxe5 10. Nxe5 dxe5 11. Bxd7+ Qxd7 12. Qxd7+ Nxd7 13. Nd2 Nc5 14.
Nb3 Nd3 15. Rd1 O-O-O 16. Kf1 f5 17. exf5 gxf5 18. Bg5 Rd7 19. Rd2 h6 20. Bh4
e4 21. Rad1 Rd6 22. Nc1 Nxb2 23. Rxd6 cxd6 24. Rxd6 Be5 25. Rd5 Re8 26. Nb3 Na4
27. Na5 Nxc3 28. Rc5+ Kd7 29. Nc4 Bd4 30. Rxf5 b5 31. Nd2 Ke6 32. Rh5 Bg7 33.
Nb3 a5 34. Nxa5 Ra8 35. Nc6 Rxa2 36. g3 Kd7 37. Nb4 Rb2 38. Nd5 Nxd5 39. Rxd5+
Ke6 40. Rd8 b4 41. Re8+ Kd5 42. Re7 Bc3 43. Rd7+ Kc4 44. Re7 Kd3 45. Rd7+ Kc2
46. Rc7 Rb1+ 47. Kg2 Rd1 48. Be7 b3 49. Bb4 Rd3 50. Ba3 b2 51. Bxb2 Kxb2 52.
Re7 Rd4 53. Re6 Bd2 54. h4 Kc2 55. g4 Kd3 56. Re5 Rd8 57. Kh3 Rf8 58. Rd5+ Ke2
0-1

[Event "Banff op"]
[Site "Banff CAN"]
[Date "2021.11.14"]
[Round "6.3"]
[White "Cummings, David"]
[Black "Haessel, Dale"]
[Result "1/2-1/2"]
[WhiteElo "2416"]
[BlackElo "2216"]
[PlyCount "48"]
[EventDate "2021.11.12"]
[EventType "swiss"]
[EventRounds "6"]
[EventCountry "CAN"]

1. c4 c5 2. Nf3 Nf6 3. Nc3 d5 4. cxd5 Nxd5 5. e3 Nc6 6. Bb5 Nxc3 7. bxc3 Qd6 8.
Ba3 a6 9. Be2 e5 10. d4 Qc7 11. O-O Bf5 12. d5 Rd8 13. Qa4 e4 14. dxc6 b5 15.
Qb3 exf3 16. Bxf3 Rd2 17. e4 Be6 18. Qb1 Qxc6 19. Bc1 Rd7 20. Qc2 Be7 21. a4
O-O 22. axb5 axb5 23. Be2 Rb8 24. Bf4 Bd6 1/2-1/2

[Event "Banff op"]
[Site "Banff CAN"]
[Date "2021.11.14"]
[Round "6.4"]
[White "Ng, Gary"]
[Black "Ginsburg, Mark"]
[Result "1-0"]
[WhiteElo "2368"]
[BlackElo "2414"]
[PlyCount "100"]
[EventDate "2021.11.12"]
[EventType "swiss"]
[EventRounds "6"]
[EventCountry "CAN"]

1. d4 Nf6 2. Bf4 g6 3. Nc3 Bg7 4. e4 d6 5. Qd2 Nc6 6. O-O-O O-O 7. Bh6 e5 8. d5
Nd4 9. f3 c6 10. h4 Nh5 11. g4 Bxh6 12. Qxh6 Ng3 13. Rh3 Nxf1 14. Rxf1 Qf6 15.
Rd1 c5 16. Nge2 Qg7 17. Qd2 f6 18. Rg3 Bd7 19. Rdg1 b5 20. Nxd4 cxd4 21. Ne2
Rac8 22. f4 Rc7 23. Kb1 Rfc8 24. Rc1 Qh6 25. h5 g5 26. f5 Qf8 27. Qa5 Kf7 28.
c3 Qd8 29. Qa3 Rc4 30. b3 b4 31. cxb4 Rxc1+ 32. Nxc1 Qc7 33. Qb2 Qb6 34. Qd2
Qa6 35. Rg1 Rc3 36. Kb2 Qb7 37. a3 Bb5 38. Na2 Re3 39. Re1 Qb6 40. a4 Rxe1 41.
Qxe1 Bd3 42. Nc1 Ba6 43. b5 Bb7 44. Nd3 a6 45. Qb4 Ke7 46. bxa6 Qxa6 47. Qb5
Qa8 48. Nb4 Qc8 49. Nc6+ Kf8 50. a5 Ba6 1-0

[Event "Banff op"]
[Site "Banff CAN"]
[Date "2021.11.14"]
[Round "6.5"]
[White "Gedajlovic, Max"]
[Black "Khodjimatov, Sherzod"]
[Result "1/2-1/2"]
[WhiteElo "2329"]
[BlackElo "2183"]
[PlyCount "107"]
[EventDate "2021.11.12"]
[EventType "swiss"]
[EventRounds "6"]
[EventCountry "CAN"]

1. d4 Nf6 2. Nf3 e6 3. c4 d5 4. Nc3 Nbd7 5. Qc2 Be7 6. Bf4 c6 7. e3 O-O 8. h3
b6 9. cxd5 exd5 10. Bd3 Bb7 11. g4 g6 12. Ne5 c5 13. Bh6 Re8 14. f4 cxd4 15.
exd4 Ne4 16. O-O Nxe5 17. fxe5 Rc8 18. Qg2 f6 19. Bb5 Bc6 20. Bxc6 Rxc6 21.
Nxe4 dxe4 22. Qxe4 Rc4 23. Rad1 Bc5 24. Be3 fxe5 25. Qf3 Rxd4 26. Bxd4 Bxd4+
27. Kg2 Qd7 28. Qe4 Qb5 29. b3 a5 30. Rc1 Qd7 31. Qc6 Qxc6+ 32. Rxc6 e4 33. Rc4
Bc5 34. Re1 e3 35. Re2 Kg7 36. Kf3 Rf8+ 37. Rf4 Re8 38. h4 h6 39. Re4 Rf8+ 40.
Kg2 Rf7 41. a3 Bxa3 42. R2xe3 Bc5 43. Re2 Rd7 44. Rf4 Rd3 45. Rf3 Rd4 46. Kh3
Bd6 47. Ref2 Kg8 48. Rc2 Kg7 49. Rcf2 Kg8 50. Re2 Kg7 51. Ref2 Kg8 52. Rc2 Kg7
53. Rcf2 Kg8 54. Rc2 1/2-1/2

[Event "Banff op"]
[Site "Banff CAN"]
[Date "2021.11.14"]
[Round "6.6"]
[White "Jung, Hans"]
[Black "Findlay, Ian"]
[Result "0-1"]
[WhiteElo "2210"]
[BlackElo "2316"]
[PlyCount "70"]
[EventDate "2021.11.12"]
[EventType "swiss"]
[EventRounds "6"]
[EventCountry "CAN"]

1. Nc3 d5 2. e4 dxe4 3. Nxe4 Nf6 4. Nxf6+ exf6 5. d4 Bd6 6. Bd3 c6 7. Ne2 Qe7
8. h3 O-O 9. Be3 Nd7 10. Qd2 Re8 11. O-O Nf8 12. Bf4 Ng6 13. Bxd6 Qxd6 14. c3
Be6 15. f4 f5 16. Ng3 Ne7 17. Qc2 g6 18. Qf2 Nd5 19. Bc2 a5 20. Bb3 a4 21. Bxd5
Bxd5 22. a3 Re7 23. Qd2 Rae8 24. Rf2 Bc4 25. Rf3 h5 26. Qf2 Qf6 27. Nf1 Re2 28.
Qg3 h4 29. Qg5 Qxg5 30. fxg5 Rxb2 31. Re3 Rxe3 32. Nxe3 Bd3 33. Rd1 Be4 34. c4
Kf8 35. d5 Re2 0-1

[Event "Banff op"]
[Site "Banff CAN"]
[Date "2021.11.14"]
[Round "6.7"]
[White "Xu, Eddie"]
[Black "MacKinnon, Keith"]
[Result "0-1"]
[WhiteElo "2208"]
[BlackElo "2259"]
[PlyCount "94"]
[EventDate "2021.11.12"]
[EventType "swiss"]
[EventRounds "6"]
[EventCountry "CAN"]

1. d4 Nf6 2. c4 e6 3. Nc3 Bb4 4. f3 d5 5. a3 Bxc3+ 6. bxc3 c5 7. cxd5 Nxd5 8.
dxc5 f5 9. Nh3 Qa5 10. Nf2 O-O 11. e4 Nxc3 12. Qd2 Rd8 13. Bd3 Nc6 14. O-O Qxc5
15. Bb2 Na4 16. Rac1 Qf8 17. Ba1 Nc5 18. Qc3 Nxd3 19. Nxd3 Nd4 20. Rfe1 f4 21.
a4 b5 22. axb5 Nxb5 23. Qe5 Rxd3 24. Qxb5 Rd7 25. Qc6 Rb7 26. Red1 Kf7 27. Be5
Qe8 28. Qc3 Kg8 29. Bxf4 Bd7 30. Be5 Rc8 31. Qd4 Rxc1 32. Rxc1 Bb5 33. h4 Rd7
34. Qe3 a6 35. Rc5 Qd8 36. Qf4 Qb6 37. Qe3 Qd8 38. Bg3 Rd3 39. Qf4 h6 40. Re5
Qd4+ 41. Kh2 Rd1 42. Rxb5 axb5 43. Qg4 Qf6 44. h5 Kh7 45. f4 Rd4 46. Qf3 Qf7
47. Bf2 Rc4 0-1

[Event "Banff op"]
[Site "Banff CAN"]
[Date "2021.11.14"]
[Round "6.9"]
[White "Dorn, Paris"]
[Black "Tolentino, Patrick"]
[Result "0-1"]
[WhiteElo "2141"]
[BlackElo "1936"]
[PlyCount "78"]
[EventDate "2021.11.12"]
[EventType "swiss"]
[EventRounds "6"]
[EventCountry "CAN"]

1. e4 c6 2. d4 d5 3. e5 Bf5 4. h4 Qb6 5. Nc3 h5 6. Nge2 e6 7. Ng3 Bg6 8. Be2 c5
9. dxc5 Bxc5 10. O-O Qc7 11. Re1 Nc6 12. Bxh5 Bxh5 13. Nxh5 g6 14. Nf4 Rxh4 15.
g3 Rh8 16. Kg2 O-O-O 17. Nd3 Bf8 18. Bg5 Rd7 19. Na4 b6 20. c3 Bg7 21. f4 Nge7
22. Nb4 Kb7 23. Nc2 a6 24. Nd4 Nxd4 25. cxd4 Rc8 26. Nc3 Qc4 27. Bxe7 Rxe7 28.
Rc1 Rec7 29. b3 Qb4 30. Ne2 Rxc1 31. Nxc1 Qc3 32. Ne2 Qb2 33. Qa1 Qd2 34. a4
Rc2 35. Kf2 Bf8 36. Qd1 Qc3 37. Qa1 Qd3 38. Qd1 Rd2 39. Qa1 Bb4 0-1

[Event "Banff op"]
[Site "Banff CAN"]
[Date "2021.11.14"]
[Round "6.10"]
[White "Wang, Paul"]
[Black "Hoekman, Samuel"]
[Result "1-0"]
[WhiteElo "2137"]
[BlackElo "1622"]
[PlyCount "29"]
[EventDate "2021.11.12"]
[EventType "swiss"]
[EventRounds "6"]
[EventCountry "CAN"]

1. e4 e5 2. Nf3 Nf6 3. Nxe5 d6 4. Nf3 Nxe4 5. Nc3 Nxc3 6. dxc3 Be7 7. Be3 Nc6
8. Qd2 Be6 9. O-O-O Qd7 10. h3 O-O-O 11. Nd4 Kb8 12. Bb5 Bd5 13. c4 Be6 14.
Nxc6+ bxc6 15. Qa5 1-0

[Event "Banff op"]
[Site "Banff CAN"]
[Date "2021.11.14"]
[Round "6.11"]
[White "Lin, Leo"]
[Black "Malek, Omid"]
[Result "1-0"]
[WhiteElo "1947"]
[BlackElo "2305"]
[PlyCount "113"]
[EventDate "2021.11.12"]
[EventType "swiss"]
[EventRounds "6"]
[EventCountry "CAN"]

1. e4 c6 2. d4 d5 3. exd5 cxd5 4. Nf3 Nf6 5. Ne5 Nc6 6. Bb5 Qb6 7. Nc3 a6 8.
Ba4 e6 9. O-O Bd7 10. Nxd7 Nxd7 11. Re1 O-O-O 12. Bxc6 Qxc6 13. Qf3 Nf6 14. Bg5
Be7 15. a3 h6 16. Bf4 Bd6 17. Be5 Bxe5 18. Rxe5 Rdf8 19. Re3 Kb8 20. Qg3+ Qc7
21. Qxg7 Nh5 22. Qe5 Qxe5 23. Rxe5 Nf4 24. Na4 Ka7 25. g3 Ng6 26. Re3 Rc8 27.
Rc1 Rc4 28. b3 Rxd4 29. Rc3 b5 30. Nb2 Kb6 31. Nd3 h5 32. f3 e5 33. Kf2 f6 34.
Ke3 Ne7 35. Nc5 Nf5+ 36. Ke2 Ng7 37. Nd7+ Kb7 38. Rc5 e4 39. f4 Ne6 40. Ke3 f5
41. Rc3 Rc4 42. bxc4 d4+ 43. Kd2 dxc3+ 44. Kxc3 Rd8 45. Ne5 Nd4 46. Re1 bxc4
47. Nxc4 Kc6 48. Na5+ Kd5 49. Kb2 Rb8+ 50. Kc1 Rc8 51. c4+ Kc5 52. Rd1 Rb8 53.
Rxd4 Rb1+ 54. Kxb1 Kxd4 55. Kc2 Ke3 56. c5 Kf2 57. Nc4 1-0

[Event "Banff op"]
[Site "Banff CAN"]
[Date "2021.11.14"]
[Round "6.12"]
[White "Ratte, Cameron"]
[Black "Chandra, Anand Rishi"]
[Result "1/2-1/2"]
[WhiteElo "1877"]
[BlackElo "2138"]
[PlyCount "84"]
[EventDate "2021.11.12"]
[EventType "swiss"]
[EventRounds "6"]
[EventCountry "CAN"]

1. e4 e5 2. Nf3 Nc6 3. Bb5 a6 4. Ba4 Nf6 5. O-O b5 6. Bb3 Be7 7. Re1 d6 8. c3
O-O 9. h3 Na5 10. Bc2 c5 11. d4 Qc7 12. Nbd2 cxd4 13. cxd4 Nc6 14. Nf1 Bd7 15.
dxe5 dxe5 16. Bg5 Rfd8 17. Qe2 Be6 18. Rac1 h6 19. Bh4 Rac8 20. Bb1 Qb6 21. b3
Nd4 22. Nxd4 Qxd4 23. Rxc8 Bxc8 24. Nh2 Qc5 25. Nf3 Nh5 26. Bxe7 Qxe7 27. Rd1
Rxd1+ 28. Qxd1 Kh7 29. h4 Bg4 30. g3 Nf6 31. Kg2 Nd7 32. Qd5 f6 33. Nh2 Bh5 34.
Nf1 Bf7 35. Qc6 Qe6 36. Qxe6 Bxe6 37. Ne3 Kg8 38. Kf3 Nb6 39. Bd3 Kf7 40. Ke2
Ke7 41. Kd2 Kd6 42. Kc3 Kc5 1/2-1/2

[Event "Banff op"]
[Site "Banff CAN"]
[Date "2021.11.14"]
[Round "6.13"]
[White "Yao, David"]
[Black "Dave, Bhavik"]
[Result "0-1"]
[WhiteElo "1998"]
[BlackElo "1891"]
[PlyCount "106"]
[EventDate "2021.11.12"]
[EventType "swiss"]
[EventRounds "6"]
[EventCountry "CAN"]

1. Nf3 Nf6 2. g3 Nc6 3. Bg2 d5 4. d3 e5 5. O-O Be7 6. e4 dxe4 7. dxe4 Qxd1 8.
Rxd1 Bg4 9. Re1 O-O-O 10. Be3 Nd4 11. Bxd4 exd4 12. e5 Ne8 13. Nbd2 c5 14. a4
Nc7 15. Nc4 Nd5 16. Nfd2 Nb4 17. Be4 f6 18. c3 dxc3 19. bxc3 Nd5 20. f3 Bh5 21.
Bf5+ Kc7 22. g4 Be8 23. Rec1 fxe5 24. Nxe5 Nf4 25. Rc2 Ne2+ 26. Kh1 Nxc3 27.
Ne4 Nxe4 28. Bxe4 b6 29. a5 b5 30. Rb1 a6 31. Kg2 Rd4 32. Nd3 c4 33. Nf4 Bf7
34. Ne2 Rd6 35. Nc3 Bg6 36. Re1 Bh4 37. Ree2 Bf7 38. Na2 Bd5 39. Nb4 Bxe4 40.
fxe4 Re8 41. Kf3 Rf8+ 42. Kg2 Re8 43. Kf3 Bf6 44. h3 Be5 45. Nd5+ Kc6 46. Red2
Kc5 47. Ne3 Red8 48. Rd5+ Rxd5 49. Nxd5 b4 50. Nb6 c3 51. Ke3 b3 52. Na4+ Kb5
53. Rc1 Kxa4 0-1

[Event "Banff op"]
[Site "Banff CAN"]
[Date "2021.11.14"]
[Round "6.14"]
[White "D'Souza, Carina"]
[Black "Srinivasan, Hemant"]
[Result "1/2-1/2"]
[WhiteElo "1771"]
[BlackElo "1993"]
[PlyCount "37"]
[EventDate "2021.11.12"]
[EventType "swiss"]
[EventRounds "6"]
[EventCountry "CAN"]

1. e4 c6 2. d4 d5 3. e5 c5 4. c3 Nc6 5. Nf3 Bg4 6. Be2 e6 7. Nbd2 Nge7 8. h3
Bxf3 9. Nxf3 Ng6 10. O-O Be7 11. Be3 O-O 12. Qd2 cxd4 13. cxd4 f6 14. exf6 Bxf6
15. Rfd1 Nge7 16. Bg5 Nf5 17. Bxf6 Qxf6 18. Bb5 Rac8 19. Bxc6 1/2-1/2

[Event "Banff op"]
[Site "Banff CAN"]
[Date "2021.11.14"]
[Round "6.15"]
[White "Magnusson, Saul"]
[Black "Cater, Brendan"]
[Result "0-1"]
[WhiteElo "1989"]
[BlackElo "1879"]
[PlyCount "68"]
[EventDate "2021.11.12"]
[EventType "swiss"]
[EventRounds "6"]
[EventCountry "CAN"]

1. e4 e5 2. Nf3 Nf6 3. Nxe5 d6 4. Nf3 Nxe4 5. Qe2 Qe7 6. h3 d5 7. d4 Nd7 8. Bf4
Ndf6 9. Nbd2 h6 10. O-O-O Be6 11. Kb1 Qb4 12. Qb5+ Qxb5 13. Bxb5+ c6 14. Nxe4
Nxe4 15. Bxc6+ bxc6 16. Rhf1 Bd6 17. Ne5 O-O 18. f3 Nf6 19. Rfe1 Rac8 20. Ng6
Bxf4 21. Nxf4 Rfe8 22. b4 a5 23. a3 Nd7 24. Nd3 axb4 25. axb4 Rb8 26. c3 Bf5
27. Kc2 Kf8 28. g4 Bxd3+ 29. Kxd3 Rxe1 30. Rxe1 Nb6 31. f4 Ra8 32. h4 Ra2 33.
g5 Nc4 34. Re2 Nb2+ 0-1